000 00708cam a2200229 a 4500
001 000004999
005 20200929151544.0
008 941230s1994 ve 001 p spa
020 _z9800107868
040 _aDO-SdBNP
_cDLC
082 _aV861.44
_bP436a
100 1 _aPereira, Gustavo,
_d1940-
_914422
245 1 0 _aAntología poética /
_cGustavo Pereira ; prólogo, Juan Liscano.
260 _aCaracas :
_bMonte Avila Editores Latinoamericana,
_c1994.
300 _a165 p. ;
_c20 cm.
490 1 _aAltazor
650 4 _aPoesía venezolana
_94230
650 4 _aLiteratura venezolana
_93816
700 1 _aLiscano, Juan,
_epról.
_99018
830 0 _aAltazor
_98724
910 _aCatalogación por copia / LC
999 _c4805
_d4805